| 000 | 00640nam a2200241 a 4500 | ||
|---|---|---|---|
| 001 | nice12345678 | ||
| 003 | IN_TiNIC | ||
| 005 | 20260116011406.0 | ||
| 008 | 050524s1931 luca grp 000 0 eng | ||
| 020 |
_a _c100 |
||
| 082 | 0 | 0 |
_a297.122521 _bHUS |
| 100 | _aHusain, A F Badshah | ||
| 245 | _aHoly Qur`an, a Translation With Commentary According to Shia Traditions and | ||
| 260 |
_aLucknow _bMuslim Press _c1931 |
||
| 300 | _a236p. | ||
| 500 | _aincludes index and biblioraphy | ||
| 505 | 2 | _aIndex | |
| 650 | _aQuran-Translation-English | ||
| 700 | 1 | _aHusain, A F Badshah | |
| 902 | _bSRS | ||
| 942 | _cBK | ||
| 999 |
_c1121 _d1121 |
||